| 000 | 01350nam0a22002891 4500 | ||
|---|---|---|---|
| 001 | v19\rc\1685936 | ||
| 005 | 20260405225650.0 | ||
| 035 | _a(NLR Aleph) 005244076 | ||
| 090 |
_a5735158 _c5735158 |
||
| 100 | _a20061002d1896 |||y0rusy50 ca | ||
| 101 | 0 | _arus | |
| 102 | _aRU | ||
| 105 | _ay z ||||| | ||
| 200 | 1 |
_aАцис и Галатея _eМифол. балет в 1 д. Лангаммера _e[Либретто] _fМуз. А.В. Кадлец _gТанцы и постановка балетмейстера Л. Иванова |
|
| 210 |
_aСанкт-Петербург _cтип. имп. Спб. театров _d1896 |
||
| 215 |
_a15 с. _d18 |
||
| 225 | 1 | _aПрограммы балетов типографии императорских Санкт-Петербургских театров | |
| 700 | 1 |
_8rus _7ca _aЛангаммер _bВ. И. _f1848-1910 _gВладимир Иванович _3RU\NLR\AUTH\77101758 _984684 |
|
| 702 | 1 |
_aКадлец _bА. _gАндрей _4230 |
|
| 702 | 1 |
_4570 _8rus _7ca _aИванов _bЛ. И. _cартист балета _f1834-1901 _gЛев Иванович _3RU\NLR\AUTH\77103718 _986643 |
|
| 801 | 0 |
_aRU _bNLR _c20061002 _gpsbo |
|
| 801 | 0 |
_aRU _bRuMoRGB _c20061002 _2psbo |
|
| 801 | 1 |
_aRU _bProSoft-M _c20061002 _2rusmarc |
|
| 801 | 2 |
_aRU _bNLR _c20111007 _2rusmarc |
|
| 852 |
_aNLR _j20.96.3.102 |
||
| 942 | _cBOOK | ||
| 980 | _aNB | ||